English Literature

Saved in:
Bibliographic Details
Main Author: Adamcová, Silvia, 1984-
Other Authors: Némethová, Ildikó, 1974-, Fifiková, Dominika, 1987-
Format: Book
Language:English
Published: Bratislava Vydavateľstvo EKONÓM 2018
Edition:1st edition
Subjects:
Tags: Add Tag
No Tags, Be the first to tag this record!

MARC

LEADER 00000nam a2200000 4500
001 0240946
005 20250430085250.5
020 |a 978-80-225-4486-3 
041 0 |a eng 
044 |a SK 
245 1 0 |a English Literature  |c Silvia Adamcová ; recenzenti: Ildikó Némethová, Dominika Fifiková 
250 |a 1st edition 
264 1 |a Bratislava  |b Vydavateľstvo EKONÓM  |c 2018 
300 |a 184 s. [8 AH] 
610 2 0 |a literatúra 
610 2 0 |a angličtina 
100 1 |a Adamcová, Silvia, 1984- 
700 1 |a Némethová, Ildikó, 1974- 
700 1 |a Fifiková, Dominika, 1987-